[Event "Tourn. n9135"]
[Site "www.chess-mail.com"]
[Date "2017.01.27"]
[Round "1"]
[White "Mitja"]
[Black "Jobeye"]
[WhiteElo "2010"]
[BlackElo "2010"]
[Result "1-0"]
[Round "1"]
1.d4 f5
2.e3 Ng8f6
3.h3 c5
4.dxc5 Qd8a5
5.c3 Qa5xc5
6.Ng1f3 e5
7.Nb1d2 Nb8c6
8.Nd2b3 Qc5b6
9.Qd1c2 e4
10.Nf3d4 Nc6xd4
11.Nb3xd4 d5
12.b3 Bc8d7
13.Bc1b2 a6
14.Bf1e2 Bf8c5
15.O-O Ra8c8
16.Ra1c1 Bc5xd4
17.exd4 O-O
18.Bb2a3 Rf8e8
19.Ba3c5 Qb6e6
20.Bc5a3 f4
21.f3 e3
22.Rf1e1 Nf6h5
23.Kh2 Nh5g3
24.Kg1 Qe6h6
25.Kh2 Bd7f5
26.Be2d3 Bf5xd3
27.Qc2xd3 Re8e6
28.Rc1c2 Rc8e8
29.Ba3c1 Re6g6
30.c4 Ng3f5
31.Qd3xf5 Rg6d6
32.cxd5 Qh6h4
33.Re1e2 Re8d8
34.Rc2c7 Qh4g3
35.Kh1 Rd6xd5
36.Qf5e6 Kh8
37.Qe6xd5 Rd8e8
38.Kg1 g6
39.Qd5f7 Qg3f2
40.Re2xf2  { time }
1-0

[Event "Tourn. n9214"]
[Site "www.chess-mail.com"]
[Date "2017.01.27"]
[Round "1"]
[White "Norlavuaram"]
[Black "Bojan"]
[WhiteElo "2170"]
[BlackElo "2060"]
[Result "1-0"]
[Round "1"]
1.e4 e5
2.Ng1f3 d6
3.d4 exd4
4.Nf3xd4 c6
5.c4 c5
6.Nd4f3 f6
7.Nb1c3 Ng8e7
8.Bc1f4 Ne7g6
9.Bf4g3 Nb8c6
10.Bf1e2 Bf8e7
11.Qd1d2 Ng6e5
12.O-O Bc8g4
13.Nf3xe5 Nc6xe5
14.Bg3xe5 Bg4xe2
15.Qd2xe2 dxe5
16.Ra1d1 Qd8a5
17.Qe2g4 Kf7
18.Rd1d7 Qa5a6
19.Nc3d5 Ra8e8
20.Rd7xe7 Re8xe7
21.Nd5xe7 Qa6xc4
22.Ne7d5 Rh8d8
23.Qg4h5 Kg8
24.Nd5c3 b5
25.Rf1d1 Rd8c8
26.Qh5g4 Rc8f8
27.Rd1d7 g6
28.Qg4e2 Qc4e6
29.Qe2xb5 f5
30.Qb5b7 Rf8f7
31.Rd7xf7 Qe6xf7
32.Qb7xf7 { resign }
1-0

[Event "Tourn. n9133"]
[Site "www.chess-mail.com"]
[Date "2017.01.27"]
[Round "1"]
[White "Genius3"]
[Black "Falcoale"]
[WhiteElo "1850"]
[BlackElo "1890"]
[Result "0-1"]
[Round "1"]
1.e4 c5
2.Nb1c3 e6
3.Ng1f3 Nb8c6
4.d4 cxd4
5.Nf3xd4 a6
6.Bf1e2 Bf8b4
7.Nd4xc6 bxc6
8.Bc1d2 Ng8f6
9.Be2f3 O-O
10.a3 Bb4a5
11.O-O d5
12.exd5 cxd5
13.b4 Ba5b6
14.Qd1e2 Bc8b7
15.Nc3a4 Nf6e4
16.Na4xb6 Qd8xb6
17.Bf3xe4 dxe4
18.Bd2e3 Qb6d8
19.Rf1d1 Qd8f6
20.c4 Ra8d8
21.c5 Rd8d3
22.g3 Rf8d8
23.Rd1xd3 Qf6xa1
{ resign }
0-1

[Event "Tourn. n9052"]
[Site "www.chess-mail.com"]
[Date "2017.01.27"]
[Round "1"]
[White "Falcoale"]
[Black "Redapond1"]
[WhiteElo "1880"]
[BlackElo "2049"]
[Result "1-0"]
[Round "1"]
1.e4 e5
2.Ng1f3 Nb8c6
3.Bf1c4 h6
4.d4 exd4
5.Nf3xd4 Nc6xd4
6.O-O Nd4c6
7.Qd1f3 Ng8f6
8.Nb1c3 Nc6e5
9.Qf3e2 Bf8c5
10.Bc4b3 O-O
11.Bc1f4 d6
12.Ra1d1 Bc8g4
13.Qe2d2 Bg4xd1
14.Rf1xd1 Ne5g4
15.Bf4e3 Bc5b4
16.a3 Nf6xe4
17.Qd2d4 Bb4xc3
18.bxc3 Rf8e8
19.Qd4c4 Ng4e5
20.Qc4xe4 Ne5g6
21.Qe4xg6 Qd8f6
22.Qg6xf6 gxf6
23.h3 Re8d8
24.Be3xh6 Rd8d7
25.Rd1d3 Kh7
26.Bh6e3 Ra8e8
27.Rd3d4 c5
28.Rd4h4 Kg6
29.Bb3a4 Re8xe3
30.Ba4xd7 Re3xc3
31.Rh4g4 Kh7
32.Rg4f4 Kg6
33.g3 Rc3xc2
34.Bd7f5  { time }
1-0

[Event "Tourn. n9026"]
[Site "www.chess-mail.com"]
[Date "2017.01.27"]
[Round "1"]
[White "Genius3"]
[Black "Falcoale"]
[WhiteElo "1620"]
[BlackElo "1730"]
[Result "0-1"]
[Round "1"]
1.d4 Ng8f6
2.c4 e6
3.Ng1f3 b6
4.g3 Bc8b7
5.Bf1g2 Bf8e7
6.O-O O-O
7.Nb1c3 d5
8.cxd5 Nf6xd5
9.Bc1d2 Nb8d7
10.Nc3xd5 Bb7xd5
11.Bd2c3 c5
12.dxc5 Nd7xc5
13.Bc3d4 Ra8c8
14.b3 Be7f6
15.Bd4xf6 Qd8xf6
16.Qd1d4 Qf6d8
17.Rf1d1 Qd8e7
18.Ra1c1 Rf8d8
19.Qd4b2 Rd8d7
20.Nf3e5 Qe7f6
21.Bg2xd5 Rd7xd5
22.Rd1xd5 exd5
23.Ne5d3 Qf6d8
24.Nd3xc5 bxc5
25.e3 h6
26.Rc1d1 Qd8g5
27.Qb2d2 Rc8d8
28.Qd2e2 Qg5f6
29.Rd1c1 Qf6b6
30.Qe2c2 Rd8c8
31.Rc1d1 Qb6e6
32.Qc2d3 Rc8d8
33.e4 d4
34.Rd1c1 Qe6e7
35.Qd3c4 Qe7xe4
36.Qc4xc5 d3
37.Rc1d1 d2
38.Qc5c4 Qe4e1
39.Qc4f1 Qe1e4
40.Qf1g2 Qe4c2
41.Qg2f3 Rd8e8
42.Kg2 Re8e1
43.Qf3a8 Kh7
44.Qa8f3 Re1xd1
{ resign }
0-1

[Event "Tourn. n9086"]
[Site "www.chess-mail.com"]
[Date "2017.01.27"]
[Round "1"]
[White "Prize640"]
[Black "Darko10"]
[WhiteElo "2420"]
[BlackElo "2640"]
[Result "0-1"]
[Round "1"]
1.e4 e5
2.Ng1f3 Nb8c6
3.Bf1c4 Bf8c5
4.c3 Ng8f6
5.d3 a6
6.Bc4b3 O-O
7.O-O d6
8.Nb1d2 h6
9.h3 Rf8e8
10.Rf1e1 Bc8e6
11.Nd2f1 d5
12.exd5 Be6xd5
13.Nf1g3 Bd5xb3
14.axb3 Qd8d5
15.Bc1e3 Ra8d8
16.Be3xc5 Qd5xc5
17.Qd1e2 Qc5b5
18.Ra1d1 Qb5xb3
19.Ng3f5 a5
20.Nf3h4 a4
21.Qe2f3 Re8e6
22.Qf3g3 Nf6e8
23.Rd1d2 a3
24.bxa3 Qb3xc3
25.Re1d1 Qc3xa3
26.Qg3g4 b5
27.Rd2c2 Qa3f8
28.Rd1c1 Nc6b4
29.Rc2xc7 Ne8xc7
30.Rc1xc7 Nb4xd3
31.Qg4h5 e4
32.Nf5e3 b4
{ resign }
0-1

[Event "Tourn. n9116"]
[Site "www.chess-mail.com"]
[Date "2017.01.27"]
[Round "1"]
[White "Jazzy"]
[Black "Tartan"]
[WhiteElo "2360"]
[BlackElo "2450"]
[Result "1/2-1/2"]
[Round "1"]
1.d4 Ng8f6
2.Bc1g5 c5
3.Bg5xf6 gxf6
4.d5 Qd8b6
5.Qd1c1 f5
6.Ng1f3 Bf8h6
7.e3 Qb6g6
8.Nb1c3 d6
9.Qc1d2 Nb8d7
10.O-O-O Nd7f6
11.Nc3e2 Nf6e4
12.Qd2e1 Bc8d7
13.Ne2f4 Qg6g7
14.Nf3g1 c4
15.f3 Ne4c5
16.Nf4h5 Qg7g5
17.Nh5f4 b5
18.h4 Qg5g7
19.Nf4h5 Qg7g6
20.Nh5f4 Qg6g7
21.Nf4h5 { draw }
1/2-1/2

[Event "Tourn. n9042"]
[Site "www.chess-mail.com"]
[Date "2017.01.27"]
[Round "1"]
[White "Andychesston"]
[Black "Osopanda"]
[WhiteElo "2030"]
[BlackElo "2050"]
[Result "1-0"]
[Round "1"]
1.e4 c5
2.Ng1f3 d6
3.d4 cxd4
4.Nf3xd4 Ng8f6
5.Nb1c3 a6
6.Bc1g5 e6
7.Bf1e2 Bf8e7
8.Qd1d2 O-O
9.O-O-O Nb8d7
10.h4 Qd8c7
11.Kb1 b5
12.Be2f3 Bc8b7
13.Qd2e3 Ra8c8
14.Rd1c1 Nd7e5
15.Bg5xf6 Be7xf6
16.Bf3e2 Rf8e8
17.f4 Ne5c4
18.Be2xc4 Qc7xc4
19.e5 dxe5
20.fxe5 Bf6e7
21.Nc3e2 Bb7xg2
22.Rh1g1 Be7c5
23.Rg1xg2 g6
24.h5 Bc5xd4
25.Ne2xd4 Re8d8
26.Rg2g4 Rd8d5
27.c3 a5
28.b3 Qc4c5
29.b4 axb4
30.h6 bxc3
31.Qe3f2 Qc5a3
32.Rc1c2 Rd5xe5
33.Nd4e2 b4
34.Qf2f6 Kf8
35.Qf6xe5 b3
36.Qe5h8 Ke7
37.Qh8xc8 bxc2
38.Kxc2 Qa3xa2
39.Kd3 Qa2d2
40.Kc4 Qd2xe2
41.Kxc3 Qe2xg4
42.Qc8h8 Qg4f3
43.Kc4 Qf3d5
44.Kc3 e5
45.Qh8xh7 e4
46.Qh7g7 Ke6
47.h7 Qd5d3
48.Kb4 e3
49.h8Q e2
50.Qh8e8 Kf5
51.Qg7xf7 Kg5
52.Qe8e7 { resign }
1-0

[Event "Tourn. n9085"]
[Site "www.chess-mail.com"]
[Date "2017.01.27"]
[Round "1"]
[White "Manuelito"]
[Black "Julian"]
[WhiteElo "1740"]
[BlackElo "1900"]
[Result "1/2-1/2"]
[Round "1"]
1.d4 d5
2.e3 Ng8f6
3.Ng1f3 c6
4.c4 g6
5.Nb1c3 Bf8g7
6.Bf1e2 O-O
7.O-O Nb8d7
8.c5 Qd8c7
9.a3 e5
10.b4 exd4
11.exd4 Rf8e8
12.Bc1b2 Nd7f8
13.Rf1e1 Bc8g4
14.h3 Bg4f5
15.Be2f1 Nf6e4
16.Nc3xe4 Bf5xe4
17.Bf1d3 Be4xd3
18.Qd1xd3 Nf8e6
19.Re1e2 Ne6f4
20.Re2xe8 Ra8xe8
21.Qd3d2 Re8e4
22.Ra1e1 Qc7e7
23.Re1xe4 dxe4
24.Qd2xf4 exf3
25.Qf4xf3 f5
26.Qf3e3 Qe7xe3
27.fxe3 Kf7
28.Kf2 Ke6
29.Kf3 Kd5
30.g4 fxg4
31.hxg4 h5
32.gxh5 gxh5
33.Bb2c1 b6
34.cxb6 axb6
35.Ke2 Ke4
36.Bc1b2 h4
37.Bb2c1 Bg7h6
38.Bc1d2 Bh6g5
39.a4 h3
40.Kf2 Bg5h4
41.Kg1 Bh4g3
42.Kh1 Kd3
43.Bd2c1 Kc3
44.Kg1 Kxb4
45.e4 Kxa4
46.e5 Kb5
47.e6 Bg3d6
48.Bc1g5 c5
49.dxc5 Bd6xc5
50.Kh2 Kc4
51.e7 Bc5xe7
52.Bg5xe7 b5
53.Kxh3 b4
54.Be7xb4 { draw }
1/2-1/2

[Event "Tourn. n9013"]
[Site "www.chess-mail.com"]
[Date "2017.01.27"]
[Round "1"]
[White "Goofy"]
[Black "Krystek23"]
[WhiteElo "2340"]
[BlackElo "2310"]
[Result "1-0"]
[Round "1"]
1.e4 c5
2.Ng1f3 e6
3.d4 cxd4
4.Nf3xd4 Nb8c6
5.Nb1c3 Qd8c7
6.Bc1e3 a6
7.Qd1d2 Ng8f6
8.O-O-O Bf8b4
9.f3 Nc6e5
10.Nd4b3 b5
11.Kb1 O-O
12.Nc3xb5 axb5
13.Qd2xb4 Ne5c4
14.Be3c5 Rf8e8
15.Bf1xc4 bxc4
16.Qb4xc4 Bc8a6
17.Qc4b4 Re8c8
18.Qb4b6 Qc7xb6
19.Bc5xb6 d5
20.exd5 Nf6xd5
21.Bb6d4 Ba6b5
22.a3 Bb5c4
23.Rh1e1 Nd5f4
24.g3 Nf4g6
25.f4 h5
26.Nb3c5 Bc4d5
27.Nc5d7 Bd5f3
28.Rd1d3 e5
29.Nd7b6 Bf3g4
30.Nb6xc8 Bg4xc8
31.Bd4xe5 Bc8f5
32.Rd3c3 Bf5g4
33.b4 Bg4e6
34.b5 Ra8a5
35.Rc3c5 Ng6f8
36.Kb2 Be6g4
37.Be5c3 Ra5a8
38.b6 Ra8b8
39.Rc5c6 Bg4f5
40.Bc3d4 Kh7
41.Re1e7 Bf5e6
42.Bd4e5 Be6d5
43.Be5xb8 Bd5xc6
44.Bb8d6 Kg6
45.b7 Bc6xb7
46.Re7xb7 Nf8e6
47.a4 Ne6d8
48.Rb7b6 Nd8e6
49.a5 Kf5
50.a6 g5
51.fxg5 Ne6xg5
52.a7 Ng5e4
53.a8Q Ne4xd6
54.Qa8d5 { resign }
1-0

[Event "Tourn. n9141"]
[Site "www.chess-mail.com"]
[Date "2017.01.27"]
[Round "1"]
[White "Picifarkinca"]
[Black "Genius3"]
[WhiteElo "1630"]
[BlackElo "1870"]
[Result "1-0"]
[Round "1"]
1.e4 c5
2.Ng1f3 d6
3.Bf1b5 Bc8d7
4.Bb5xd7 Nb8xd7
5.O-O Ng8f6
6.Rf1e1 e6
7.d4 cxd4
8.Nf3xd4 Bf8e7
9.Kh1 O-O
10.Nb1c3 a6
11.f4 Nd7c5
12.b4 Nc5d7
13.a4 Ra8c8
14.Qd1f3 Qd8c7
15.Bc1d2 Nd7b6
16.Re1e2 Nb6c4
17.Bd2e1 Rf8d8
18.b5 Qc7c5
19.Nd4b3 axb5
20.Nb3xc5 Rc8xc5
21.axb5 { resign }
1-0

[Event "Tourn. n9070"]
[Site "www.chess-mail.com"]
[Date "2017.01.27"]
[Round "1"]
[White "Aalekhine"]
[Black "Roque1"]
[WhiteElo "1920"]
[BlackElo "1800"]
[Result "1-0"]
[Round "1"]
1.d4 d5
2.c4 e6
3.Nb1c3 Ng8f6
4.cxd5 exd5
5.Bc1f4 Nb8c6
6.e3 Bf8b4
7.Bf1b5 Bc8d7
8.Ng1e2 O-O
9.O-O Nc6e7
10.Bb5xd7 Qd8xd7
11.h3 Ne7g6
12.Bf4h2 Ra8c8
13.Ne2f4 Bb4xc3
14.bxc3 c5
15.Nf4xg6 hxg6
16.f3 Rf8e8
17.a4 Re8xe3
18.Qd1d2 Rc8e8
19.Rf1e1 Re3xe1
20.Ra1xe1 Re8xe1
21.Qd2xe1 cxd4
22.cxd4 Qd7xa4
23.Bh2e5 Nf6h5
24.g4 Nh5f6
25.Be5xf6 gxf6
26.Qe1e3 Kg7
27.g5 fxg5
28.Qe3e5 Kh6
29.Qe5h8 { resign }
1-0

[Event "Tourn. n9127"]
[Site "www.chess-mail.com"]
[Date "2017.01.27"]
[Round "1"]
[White "Greghghs"]
[Black "Seger"]
[WhiteElo "2340"]
[BlackElo "2840"]
[Result "1/2-1/2"]
[Round "1"]
1.d4 Ng8f6
2.c4 c6
3.Nb1c3 d6
4.e4 e6
5.f4 d5
6.e5 Nf6g8
7.Ng1f3 Ng8e7
8.cxd5 Ne7xd5
9.Bf1d3 c5
10.Bd3e4 Nb8c6
11.dxc5 Bf8xc5
12.Be4xd5 exd5
13.Qd1xd5 Qd8a5
14.Bc1d2 O-O
15.Qd5e4 Rf8d8
16.Nf3g5 Bc5f2
17.Kxf2 Rd8xd2
18.Kf1 g6
19.Qe4c4 Nc6d8
20.b4 Qa5a3
21.Ng5e4 Rd2b2
22.Qc4c5 Nd8e6
23.Qc5e7 Qa3xb4
24.Qe7xb4 Rb2xb4
25.Nc3d5 Rb4b2
26.h4 Kg7
{ draw }
1/2-1/2

[Event "Match"]
[Site "www.echecsemail.com"]
[Date "2017.01.27"]
[Round "1"]
[White "Yoj"]
[Black "Truthbringer"]
[WhiteElo "1909"]
[BlackElo "1499"]
[Result "1-0"]
[Round "1"]
1.Ng1f3 d5
2.c4 Bc8e6
3.e3 d4
4.exd4 Nb8c6
5.d5 Be6xd5
6.cxd5 Nc6b8
7.Qd1a4 Qd8d7
8.Bf1b5 c6
9.dxc6 bxc6
10.Bb5c4 Qd7g4
11.Bc4xf7  { time }
1-0

[Event "Match"]
[Site "www.echecsemail.com"]
[Date "2017.01.27"]
[Round "1"]
[White "Pare123"]
[Black "Pdebonis"]
[WhiteElo "2070"]
[BlackElo "1759"]
[Result "0-1"]
[Round "1"]
1.c4 e5
2.Nb1c3 Ng8f6
3.Ng1f3 Nb8c6
4.d3 d5
5.cxd5 Nf6xd5
6.e4 Nd5xc3
7.bxc3 Bf8c5
8.Bf1e2 O-O
9.O-O Qd8d6
10.a4 b6
11.Qd1b3 Bc8g4
12.h3 Bg4e6
13.c4 Ra8d8
14.Bc1b2 f6
15.Ra1d1 a5
16.Nf3e1 Nc6d4
17.Bb2xd4 Bc5xd4
18.Ne1c2 Bd4c5
19.Nc2e3 g6
20.Ne3d5 h5
21.Kh1 c6
22.Nd5c3 Qd6d7
23.Kh2 Qd7h7
24.Be2f3 g5
25.Kg1 g4
26.hxg4 hxg4
27.Bf3e2 Kf7
28.g3 Rf8h8
{ resign }
0-1

[Event "Match"]
[Site "www.echecsemail.com"]
[Date "2017.01.27"]
[Round "1"]
[White "Forest"]
[Black "Fatmike02"]
[WhiteElo "1760"]
[BlackElo "1749"]
[Result "0-1"]
[Round "1"]
1.d4 d5
2.c4 e6
3.Nb1c3 Ng8f6
4.cxd5 exd5
5.Bc1g5 Bf8e7
6.e3 O-O
7.Bf1d3 h6
8.Bg5h4 c6
9.Ng1e2 Bc8g4
10.h3 Bg4h5
11.Qd1d2 Be7b4
12.O-O Bh5xe2
13.Bd3xe2 Nb8d7
14.a3 Bb4a5
15.b4 Ba5c7
16.Be2f3 a6
17.Bh4g3 Nd7b6
18.Bf3e2 Nf6h7
19.Bg3xc7 Qd8xc7
20.Ra1c1 Nh7g5
21.f4 Ng5h7
22.Be2f3 Nb6c4
23.Qd2e2 Nh7f6
24.a4 Rf8e8
25.Nc3d1 Qc7d6
26.Rc1b1 Re8e7
27.Qe2d3 Ra8e8
28.b5 Nc4xe3
29.Rf1e1 Qd6xf4
30.Nd1xe3 Re7xe3
31.Re1xe3 Re8xe3
32.Qd3d2 Re3xf3
33.gxf3 Qf4xd2
{ resign }
0-1

[Event "Match"]
[Site "www.echecsemail.com"]
[Date "2017.01.27"]
[Round "1"]
[White "Balbyns"]
[Black "Lcmachado"]
[WhiteElo "1519"]
[BlackElo "1499"]
[Result "1-0"]
[Round "1"]
1.e4 e5
2.Ng1f3 Nb8c6
3.Bf1c4 Ng8f6
4.Nb1c3 d6
5.d4 exd4
6.Nf3xd4 Nc6xd4
7.Qd1xd4 Bc8e6
8.O-O Be6xc4
9.Qd4xc4 Bf8e7
10.Qc4b5 Nf6d7
11.Qb5xb7 O-O
12.Nc3d5 Nd7c5
13.Qb7xc7 Qd8xc7
14.Nd5xc7 Ra8c8
15.Nc7d5 Be7d8
16.Bc1f4 Nc5xe4
17.Rf1e1 f5
18.f3 Ne4f6
19.Nd5e7 Bd8xe7
20.Re1xe7 Rf8f7
21.Re7xf7 Kxf7
22.c3 d5
23.Ra1d1 h6
24.a4 g5
25.Bf4e3 a6
26.Be3d4 { resign }
1-0

[Event "Match"]
[Site "www.echecsemail.com"]
[Date "2017.01.27"]
[Round "1"]
[White "Genius3"]
[Black "Whitekknight"]
[WhiteElo "1850"]
[BlackElo "1900"]
[Result "1-0"]
[Round "1"]
1.e4 e5
2.Ng1f3 d6
3.d4 exd4
4.Nf3xd4 Ng8f6
5.Nb1c3 Bc8d7
6.Bf1e2 Nb8c6
7.O-O h6
8.Bc1e3 Bf8e7
9.Nd4xc6 Bd7xc6
10.f3 O-O
11.Qd1d2 Kh7
12.Ra1d1 Nf6g8
13.Nc3d5 Bc6xd5
14.Qd2xd5 c6
15.Qd5d2 Be7f6
16.c3 Bf6g5
17.Be3xg5 hxg5
18.Be2d3 f6
19.f4 Qd8e7
20.e5 g6
21.exf6 Ng8xf6
22.fxg5 Nf6h5
23.Rd1e1 Rf8xf1
24.Re1xf1 Ra8g8
25.Rf1e1 Qe7c7
26.g3 Nh5g7
27.Qd2f4 Qc7d7
28.Qf4h4 Ng7h5
29.Qh4xh5 { resign }
1-0

[Event "Match"]
[Site "www.echecsemail.com"]
[Date "2017.01.27"]
[Round "1"]
[White "Guidom"]
[Black "Yaw1"]
[WhiteElo "2060"]
[BlackElo "1809"]
[Result "0-1"]
[Round "1"]
1.e4 e5
2.Ng1f3 Ng8f6
3.Nb1c3 c6
4.Bf1c4 d5
5.exd5 cxd5
6.Bc4b5 Bc8d7
7.Nf3xe5 d4
8.Bb5xd7 Nb8xd7
9.Ne5xd7 Qd8xd7
10.Nc3e2 d3
11.cxd3 Qd7xd3
12.O-O Bf8d6
13.Qd1a4 b5
14.Qa4d1 O-O
15.Ne2g3 Ra8e8
16.Rf1e1 Re8c8
17.a4 b4
18.b3 Qd3d4
19.Ra1b1 Bd6c5
20.Qd1f3 Nf6g4
21.Ng3e4 Ng4e5
22.Qf3g3 Ne5d3
23.Re1e3 Nd3xc1
24.Rb1xc1 Bc5e7
25.Rc1e1 Qd4b2
26.h4 f5
27.Ne4g5 f4
28.Qg3g4 fxe3
29.Re1xe3 Qb2c1
30.Kh2 Be7d6
{ resign }
0-1

[Event "Match"]
[Site "www.echecsemail.com"]
[Date "2017.01.27"]
[Round "1"]
[White "Robinjut"]
[Black "Llcervello"]
[WhiteElo "1500"]
[BlackElo "1670"]
[Result "1-0"]
[Round "1"]
1.e4 e5
2.Ng1f3 f6
3.Bf1d3 g5
4.h3 h5
5.Nb1c3 c6
6.b3 Bf8c5
7.Nc3a4 Qd8a5
8.O-O g4
9.Nf3e1 b5
10.Na4xc5 d6
11.b4 Qa5xb4
12.Nc5b3 c5
13.c3 Qb4a4
14.Bd3c2 c4
15.Nb3d4 Qa4a6
16.Nd4f5 gxh3
17.Nf5g7 Kd8
18.gxh3 h4
19.Ne1g2 Bc8xh3
20.Qd1f3 Bh3xg2
21.Qf3xg2 h3
22.Qg2g6 Qa6c6
23.d4 Nb8d7
24.dxe5 Nd7xe5
25.Qg6f5 Kc7
26.Ng7e6 Kb7
27.Bc1a3 Rh8h6
28.Ra1d1 h2
29.Kh1 Rh6h4
30.Ba3xd6 a5
31.Ne6c5 Kb6
32.f3 Ra8d8
33.f4 Rd8xd6
34.fxe5 Ng8e7
35.Nc5d7 Kc7
36.Rd1xd6 Ne7xf5
37.Rd6xc6 Kxc6
38.Rf1xf5 Kxd7
39.exf6 Ke8
40.e5 Rh4h7
41.e6 Rh7h8
42.Rf5xb5 Kd8
43.Rb5b8 Kc7
44.Rb8xh8 Kd6
45.f7 Kxe6
46.f8Q Ke5
47.Rh8h5 Ke6
48.Qf8f5 Ke7
49.Qf5g6 Kf8
50.Rh5h7 { resign }
1-0

[Event "Fast Game"]
[Site "www.echecsemail.com"]
[Date "2017.01.27"]
[Round "1"]
[White "Balbyns"]
[Black "Piriot"]
[WhiteElo "1599"]
[BlackElo "1479"]
[Result "1/2-1/2"]
[Round "1"]
1.d4 d6
2.e4 g6
3.Ng1f3 Bf8g7
4.Nb1c3 a6
5.Bf1c4 b5
6.Bc4b3 Nb8c6
7.a3 Nc6a5
8.Bb3a2 e6
9.O-O Ng8e7
10.Bc1g5 h6
11.Bg5h4 O-O
12.Rf1e1 g5
13.Bh4g3 Ne7g6
14.h3 Bc8b7
15.Qd1d2 Na5c4
16.Ba2xc4 bxc4
17.Qd2e2 d5
18.exd5 Bb7xd5
19.Nf3e5 Ra8b8
20.Nc3xd5 Ng6xe5
21.Bg3xe5 exd5
22.Be5xg7 Kxg7
23.Qe2e5 f6
24.Qe5e7 Rf8f7
25.Qe7xd8 Rb8xd8
26.Re1e6 Rd8d6
27.Ra1e1 a5
28.Re6xd6 cxd6
29.b4 cxb3
30.cxb3 Rf7b7
31.Re1b1 f5
32.b4 axb4
33.axb4 Rb7b5
34.g4 f4
35.f3 Kf7
36.Kf2 Kg6
37.Kg2 { draw }
1/2-1/2

[Event "Fast Game"]
[Site "www.echecsemail.com"]
[Date "2017.01.27"]
[Round "1"]
[White "Egdiogel"]
[Black "Attatroll"]
[WhiteElo "2029"]
[BlackElo "1860"]
[Result "1-0"]
[Round "1"]
1.e4 d6
2.d4 Ng8f6
3.Qd1d3 g6
4.c4 Bf8g7
5.Nb1c3 O-O
6.Bf1e2 Nb8c6
7.Ng1f3 Nc6b4
8.Qd3d1 Nb4c6
9.O-O a6
10.d5 Nc6a7
11.Rf1e1 c6
12.Bc1g5 cxd5
13.cxd5 Bc8d7
14.Ra1c1 Ra8c8
15.Qd1b3 b5
16.e5 dxe5
17.Nf3xe5 Bd7f5
18.Be2f3 Nf6xd5
19.Ne5xf7 Rf8xf7
20.Bf3xd5 e6
21.Bg5xd8 exd5
22.Nc3xd5 Rc8xd8
23.Nd5e7 Kf8
24.Qb3a3 { resign }
1-0

[Event "Fast Game"]
[Site "www.echecsemail.com"]
[Date "2017.01.27"]
[Round "1"]
[White "Pellix84"]
[Black "Yaw1"]
[WhiteElo "1650"]
[BlackElo "1599"]
[Result "0-1"]
[Round "1"]
1.d4 g6
2.c4 c5
3.d5 e6
4.e4 Bf8g7
5.Nb1c3 Bg7xc3
6.bxc3 d6
7.Ng1f3 Qd8c7
8.Bc1f4 e5
9.Bf4g3 Ng8f6
10.Bf1e2 Nf6xe4
11.Qd1c1 Qc7a5
12.O-O Ne4xc3
13.Be2d3 O-O
14.Nf3g5 f5
15.h4 Nb8d7
16.h5 e4
17.Bd3c2 Nc3e2
{ resign }
0-1

[Event "Tourn. n9176"]
[Site "www.chess-mail.com"]
[Date "2017.01.28"]
[Round "1"]
[White "Norlavuaram"]
[Black "Awfen"]
[WhiteElo "2110"]
[BlackElo "2060"]
[Result "1-0"]
[Round "1"]
1.e4 Nb8c6
2.Ng1f3 e5
3.Bf1b5 d6
4.c3 Bc8d7
5.O-O Ng8f6
6.Rf1e1 Bf8e7
7.d4 O-O
8.Bc1g5 a6
9.Bb5a4 b5
10.Ba4c2 Bd7g4
11.d5 Nc6a5
12.b3 Na5b7
13.Nb1d2 Nb7c5
14.c4 bxc4
15.bxc4 Nf6h5
16.Bg5xe7 Qd8xe7
17.h3 Bg4d7
18.Nd2b3 Nc5a4
19.Qd1d2 Nh5f4
20.Qd2e3 Na4b2
21.c5 Nb2c4
22.Qe3c3 Nc4a3
23.Bc2d1 Bd7b5
24.Nb3a5 Qe7d8
25.Qc3xa3 Nf4d3
26.Re1e3 Nd3f4
27.c6 Qd8f6
28.Qa3c3 Qf6g6
29.Nf3e1 f5
30.a4 Bb5d3
31.Re3g3 Qg6h6
32.Ne1xd3 fxe4
33.Nd3xf4 exf4
34.Rg3g4 Rf8f7
35.Bd1c2 Ra8e8
36.Ra1e1 e3
37.fxe3 fxe3
38.Re1e2 Re8e7
39.Rg4g3 Qh6f4
40.Re2xe3 Re7xe3
41.Qc3xe3 Qf4f1
42.Kh2 { resign }
1-0

[Event "Tourn. n9207"]
[Site "www.chess-mail.com"]
[Date "2017.01.28"]
[Round "1"]
[White "Albertf"]
[Black "Aiko1603"]
[WhiteElo "1790"]
[BlackElo "1840"]
[Result "0-1"]
[Round "1"]
1.e4 c5
2.Ng1f3 Nb8c6
3.Nb1c3 g6
4.d4 cxd4
5.Nf3xd4 Bf8g7
6.Nd4xc6 bxc6
7.Bf1c4 d6
8.O-O Bc8d7
9.Qd1f3 Ng8f6
10.Bc1g5 O-O
11.Rf1e1 h6
12.Bg5f4 Bd7g4
13.Qf3e3 Kh7
14.f3 Bg4d7
15.Ra1d1 Nf6h5
16.Rd1d3 c5
17.Re1d1 Bg7d4
{ resign }
0-1

[Event "Tourn. n9097"]
[Site "www.chess-mail.com"]
[Date "2017.01.28"]
[Round "1"]
[White "Seger"]
[Black "Tartan"]
[WhiteElo "2820"]
[BlackElo "2460"]
[Result "1-0"]
[Round "1"]
1.c4 Ng8f6
2.d4 e6
3.Bc1g5 h6
4.Bg5h4 b6
5.e3 Bf8b4
6.Nb1c3 Bc8b7
7.Qd1c2 O-O
8.Ng1f3 Bb7e4
9.Bf1d3 Be4xd3
10.Qc2xd3 d6
11.Nf3d2 c5
12.d5 Bb4xc3
13.Qd3xc3 g5
14.Bh4g3 exd5
15.h4 d4
16.exd4 Rf8e8
17.Kf1 Nb8c6
18.hxg5 hxg5
19.dxc5 dxc5
20.Nd2f3 Nc6b4
21.Bg3e5 Nf6h7
22.a3 Qd8d3
23.Kg1 { resign }
1-0

[Event "Tourn. n9073"]
[Site "www.chess-mail.com"]
[Date "2017.01.28"]
[Round "1"]
[White "Jjmcbride"]
[Black "Lachouette"]
[WhiteElo "1500"]
[BlackElo "1489"]
[Result "1-0"]
[Round "1"]
1.e3 e5
2.d4 exd4
3.exd4 d5
4.c4 Qd8e7
5.Bc1e3 Bc8f5
6.Nb1c3 Qe7d7
7.cxd5 Nb8a6
8.a3 O-O-O
9.f3 Ng8f6
10.g4 Bf5g6
11.g5 Nf6xd5
12.Qd1d2 Nd5xc3
13.Qd2xc3 Kb8
14.Bf1xa6 Rd8e8
15.Ba6d3 Bg6xd3
16.Qc3xd3 Bf8d6
17.O-O-O Qd7c6
18.Kb1 g6
19.d5 Qc6d7
20.h3 Qd7f5
21.Ng1e2 Qf5xf3
22.Be3xa7 Kxa7
23.Qd3xf3 Re8e7
24.Qf3f2 b6
25.Ne2d4 c5
26.Nd4c6 Kb7
27.Nc6xe7 Bd6xe7
28.Qf2xf7 Ka6
29.Qf7xe7 Kb5
30.Qe7d7 Kc4
31.Rd1c1 Kd4
32.Qd7g7  { time }
1-0

[Event "Tourn. n9187"]
[Site "www.chess-mail.com"]
[Date "2017.01.28"]
[Round "1"]
[White "Genius7"]
[Black "Attatroll"]
[WhiteElo "1890"]
[BlackElo "1920"]
[Result "1-0"]
[Round "1"]
1.e4 d6
2.d4 Ng8f6
3.Nb1c3 g6
4.Bf1e2 Bf8g7
5.Bc1e3 O-O
6.Qd1d2 Nb8c6
7.Be3h6 Bg7xh6
8.Qd2xh6 Nc6xd4
9.O-O-O Nd4xe2
10.Ng1xe2 Bc8d7
11.h3 e5
12.g4 a5
13.Ne2g3 Nf6e8
14.Ng3f5 gxf5
15.gxf5 Qd8e7
16.Rh1g1 { resign }
1-0

[Event "Tourn. n9192"]
[Site "www.chess-mail.com"]
[Date "2017.01.28"]
[Round "1"]
[White "Norlavuaram"]
[Black "Yoj"]
[WhiteElo "2100"]
[BlackElo "2020"]
[Result "1-0"]
[Round "1"]
1.e4 c6
2.d4 e6
3.Ng1f3 Bf8e7
4.c4 Ng8f6
5.Nb1c3 d6
6.Bf1e2 Nb8d7
7.O-O e5
8.h3  { time }
1-0

[Event "Tourn. n9127"]
[Site "www.chess-mail.com"]
[Date "2017.01.28"]
[Round "1"]
[White "Rons"]
[Black "Seger"]
[WhiteElo "2560"]
[BlackElo "2840"]
[Result "1/2-1/2"]
[Round "1"]
1.e4 Ng8f6
2.e5 Nf6d5
3.d4 d6
4.Ng1f3 dxe5
5.Nf3xe5 g6
6.Bf1c4 c6
7.O-O Bf8g7
8.Rf1e1 O-O
9.Bc4b3 e6
10.Nb1d2 a5
11.c4 Nd5e7
12.Nd2f3 b5
13.Qd1e2 a4
14.Bb3c2 bxc4
15.Qe2xc4 Nb8d7
16.Ne5xc6 Nd7b6
17.Nc6xe7 Qd8xe7
18.Qc4b5 Qe7d6
19.Bc1d2 Bc8d7
20.Qb5b4 Qd6xb4
21.Bd2xb4 Rf8c8
22.Bc2d3 Bd7c6
23.Nf3e5 Bc6d5
24.Re1e2 Nb6c4
25.h3 Nc4a5
26.f4 Rc8c7
27.Re2d2 Bg7f8
28.Bb4xf8 Kxf8
29.Rd2c2 Ra8a7
30.Ra1c1 Rc7b7
31.a3 Na5b3
32.Rc1d1 Nb3xd4
33.Rc2c8 Kg7
34.Bd3c4 Bd5xc4
{ draw }
1/2-1/2

[Event "Tourn. n9190"]
[Site "www.chess-mail.com"]
[Date "2017.01.28"]
[Round "1"]
[White "Norlavuaram"]
[Black "Yoj"]
[WhiteElo "2130"]
[BlackElo "2020"]
[Result "1-0"]
[Round "1"]
1.e4 Ng8f6
2.e5 Nf6d5
3.d4 c5
4.c4 Nd5b4
5.d5 g6
6.Ng1f3 d6
7.a3 Nb4a6
8.Nb1c3  { time }
1-0

[Event "Tourn. n9158"]
[Site "www.chess-mail.com"]
[Date "2017.01.28"]
[Round "1"]
[White "Hansen"]
[Black "Winston"]
[WhiteElo "1580"]
[BlackElo "1620"]
[Result "0-1"]
[Round "1"]
1.e4 e6
2.a3 d5
3.Nb1c3 c5
4.Bf1b5 Nb8c6
5.exd5 exd5
6.Ng1f3 Ng8f6
7.Nf3e5 Qd8b6
8.Qd1e2 Bf8e7
9.a4 a6
10.Bb5xc6 bxc6
11.a5 Qb6b7
12.g4 Nf6d7
13.Ne5f3 h6
14.Nc3a4 Nd7f6
15.Qe2e5 Bc8xg4
16.Nf3h4 O-O
17.f3 Bg4h5
18.Rh1g1 Rf8e8
19.Qe5c3 c4
20.Nh4f5 Be7b4
21.Qc3e3 Re8xe3
22.Nf5xe3 Bh5xf3
23.Na4c5 Bb4xc5
24.Kf2 Bf3e4
25.c3 Qb7c7
26.d4 cxd3
27.b4 Qc7xh2
28.Kf1 Qh2e2

0-1

[Event "Tourn. n9159"]
[Site "www.chess-mail.com"]
[Date "2017.01.28"]
[Round "1"]
[White "Yoj"]
[Black "Winston"]
[WhiteElo "1749"]
[BlackElo "1620"]
[Result "0-1"]
[Round "1"]
1.e3 e5
2.b3 d5
3.Bc1b2 Nb8c6
4.g3 f5
5.d3 Ng8f6
6.Bf1g2 Bc8e6
7.Ng1e2 Bf8b4
8.c3 Bb4a5
 { time }
0-1

[Event "Tourn. n9043"]
[Site "www.chess-mail.com"]
[Date "2017.01.28"]
[Round "1"]
[White "Norlavuaram"]
[Black "Stepanpech"]
[WhiteElo "2240"]
[BlackElo "2150"]
[Result "0-1"]
[Round "1"]
1.e4 c6
2.d4 d5
3.Nb1d2 dxe4
4.Nd2xe4 Bc8f5
5.Ne4g3 Bf5g6
6.Ng1f3 Nb8d7
7.Bf1c4 e6
8.Bc1f4 Ng8f6
9.c3 Nf6d5
10.Bf4d2 Bf8e7
11.O-O O-O
12.Rf1e1 Qd8c7
13.Bc4b3 Rf8d8
14.Qd1c1 a5
15.Bb3d1 c5
16.c4 Nd5b4
17.Bd2xb4 axb4
18.d5 Be7d6
19.dxe6 Bd6f4
20.exf7 Kxf7
21.Nf3g5 Kg8
22.Ng5e6 Rd8e8
23.Ne6xc7 Re8xe1
24.Ng3f1 Bf4xc1
25.Ra1xc1 Ra8xa2
26.Nc7d5 Ra2xb2
27.Nd5e3 Bg6d3
28.g3 Bd3xf1
29.Ne3xf1 Rb2d2
{ resign }
0-1